R for Beginners (Record no. 8442)

MARC details
000 -LEADER
fixed length control field 00305nam a22001337a 4500
008 - FIXED-LENGTH DATA ELEMENTS--GENERAL INFORMATION
fixed length control field 200130b ||||| |||| 00| 0 eng d
020 ## - INTERNATIONAL STANDARD BOOK NUMBER
International Standard Book Number 9789352604555
082 ## -
Classification number 005.133 RAR
100 ## - MAIN ENTRY--PERSONAL NAME
Personal name RAKSHIT,Sandip
245 ## - TITLE STATEMENT
Title R for Beginners
250 ## - EDITION STATEMENT
Edition statement Page-403
260 ## - PUBLICATION, DISTRIBUTION, ETC. (IMPRINT)
Place of publication, distribution, etc Chennai
Name of publisher, distributor, etc TMH
Date of publication, distribution, etc 2017
Holdings
Withdrawn status Lost status Source of classification or shelving scheme Damaged status Koha normalized classification for sorting Not for loan Koha collection Location (home branch) Sublocation or collection (holding branch) Shelving location Date acquired Source of acquisition Currency Cost, normal purchase price Bill Number Koha issues (times borrowed) Koha full call number Piece designation (barcode) Koha date last seen Koha date last borrowed Copy number Actual Cost, discounted price Bill Date Koha item type
    Dewey Decimal Classification   005_133000000000000_RAR   MCA PIET C-LIBRARY PIET C-LIBRARY Text. Sec. T02 30/01/2020 KIRTI PRAKASHAN NEW DELHI IN Rupees 670.00 IN5959 5 005.133 RAR 31615 11/11/2024 29/10/2024 2 455.60 03/01/2020 Text Books
    Dewey Decimal Classification   005_133000000000000_RAR   MCA PIET C-LIBRARY PIET C-LIBRARY New Arrival Sec. N02 30/01/2020 KIRTI PRAKASHAN NEW DELHI IN Rupees 670.00 IN5959   005.133 RAR 31616 30/01/2020   3 455.60 03/01/2020 Reference Books

Design & Developed by: PIET Central Library
R70 Miles Stone Pattikalyana Samalkha Panipat 132102
mail ID :- [email protected], Phone No:- 0180-2569700 Ex.216